Salomon Maïmon, Commentaires de Maïmonide, préface de Jean Jolivet, textes édités, traduits de l’allemand et de l’hébreu avec une introduction et des notes par Maurice-Ruben Hayoun, Paris, Les Éditions du Cerf, 1999, coll. « Passages », VI + 334 p. Bibliographie. (notice n° 1661005)
[ vue normale ]
| 000 -LEADER | |
|---|---|
| fixed length control field | 00740cam a2200145 4500500 |
| 005 - DATE AND TIME OF LATEST TRANSACTION | |
| control field | 20260208020527.0 |
| 041 ## - LANGUAGE CODE | |
| Language code of text/sound track or separate title | fre |
| 042 ## - AUTHENTICATION CODE | |
| Authentication code | dc |
| 100 10 - MAIN ENTRY--PERSONAL NAME | |
| Personal name | Gabaude, Jean-Marc |
| Relator term | author |
| 245 00 - TITLE STATEMENT | |
| Title | Salomon Maïmon, Commentaires de Maïmonide, préface de Jean Jolivet, textes édités, traduits de l’allemand et de l’hébreu avec une introduction et des notes par Maurice-Ruben Hayoun, Paris, Les Éditions du Cerf, 1999, coll. « Passages », VI + 334 p. Bibliographie. |
| 260 ## - PUBLICATION, DISTRIBUTION, ETC. | |
| Date of publication, distribution, etc. | 2002.<br/> |
| 500 ## - GENERAL NOTE | |
| General note | 37 |
| 786 0# - DATA SOURCE ENTRY | |
| Note | Revue philosophique de la France et de l'étranger | 127 | 4 | 2002-12-01 | p. 433zj-502zj | 0035-3833 |
| 856 41 - ELECTRONIC LOCATION AND ACCESS | |
| Uniform Resource Identifier | <a href="https://shs.cairn.info/revue-philosophique-2002-4-page-433zj?lang=fr&redirect-ssocas=7080">https://shs.cairn.info/revue-philosophique-2002-4-page-433zj?lang=fr&redirect-ssocas=7080</a> |
Pas d'exemplaire disponible.




Réseaux sociaux